logo

Bir Sreshtho Munshi Abdur Rouf Library
Jhenaidah Cadet College

WINDOWS : (Record no. 9431)

MARC details
000 -LEADER
fixed length control field 00614nam a2200229 a 4500
001 - CONTROL NUMBER
JCCL Control Number 9431
003 - CONTROL NUMBER IDENTIFIER
JCCL marc code BD-JhCC
005 - DATE AND TIME OF LATEST TRANSACTION
control field 20180529113630.0
008 - FIXED-LENGTH DATA ELEMENTS--GENERAL INFORMATION
fixed length control field 180314s1984 us a|||| |||| 000 0 eng d
020 ## - INTERNATIONAL STANDARD BOOK NUMBER
International Standard Book Number 0838413021
035 ## - SYSTEM CONTROL NUMBER
system control number (BD-JhCC)9431
040 ## - CATALOGING SOURCE
Original cataloging agency BD-JhCC
Modifying agency BD-JhCC
041 ## - LANGUAGE CODE
Language code of Book eng
082 ## - DEWEY DECIMAL CLASSIFICATION NUMBER
Classification number 482.64
Author mark and Year MUR 1984
100 ## - MAIN ENTRY--PERSONAL NAME
Personal name Murphy, Joseph A.
245 ## - TITLE STATEMENT
Title WINDOWS :
Remainder of title Readings on American Culture /
Statement of responsibility, etc Joseph A. Murphy
260 ## - PUBLICATION, DISTRIBUTION, ETC. (IMPRINT)
Place of publication, distribution, etc Massachusetts:
Name of publisher, distributor, etc HEINLE & HEINLE PUBLISHERS,
Date of publication, distribution, etc 1984.
300 ## - PHYSICAL DESCRIPTION
Pagination 244 p.:
Dimensions 24 cm.
650 ## - SUBJECT ADDED ENTRY--TOPICAL TERM
Topical term or geographic name as entry element English Language
942 ## - ADDED ENTRY ELEMENTS (KOHA)
Source of classification or shelving scheme Dewey Decimal Classification
Koha item type Books
Holdings
Source of classification or shelving scheme Damaged status Not for loan Home library Current library Shelving location Date of accession Total Checkouts Full call number Barcode Date last seen Copy number Koha item type
Dewey Decimal Classification     JCC Rouf Library JCC Rouf Library General Stacks 03/14/2018   482.64 MUR 1984 12356 03/14/2018 C-1 Books

JCC Library | Contacts | JCC Home

Last Update on 23 September 2017
Copyright @ 2017-2020 JCC Rouf Library
Rouf Library, Jhenidah Cadet College (JCC), Bangladesh